Central Library OPAC University of Rajshahi

Proceedings of the Regional Workshop on Tissue Culture of Tropical Crop Plants : (Record no. 55218)

MARC details
000 -LEADER
fixed length control field 00843nam a2200205 4500
001 - CONTROL NUMBER
control field 55218
003 - CONTROL NUMBER IDENTIFIER
rucl marc code BD-RjUL
005 - DATE AND TIME OF LATEST TRANSACTION
control field 20211209080232.0
008 - FIXED-LENGTH DATA ELEMENTS--GENERAL INFORMATION
fixed length control field 161115r19871988bg ||||| |||| 00| 0 eng d
035 ## - SYSTEM CONTROL NUMBER
System control number (BD-RjUL)55340
040 ## - CATALOGING SOURCE
Language of cataloging eng
Transcribing agency BD-RjUL
041 ## - LANGUAGE CODE
Language code of text/sound track or separate title eng
082 ## - DEWEY DECIMAL CLASSIFICATION NUMBER
Edition number 23
Classification number 571.5382
Author mark and year ISP 1987
100 ## - MAIN ENTRY--PERSONAL NAME
Personal name Islam, A S ; Haque, M M
9 (RLIN) 164515
245 01 - TITLE STATEMENT
Title Proceedings of the Regional Workshop on Tissue Culture of Tropical Crop Plants :
Remainder of title Dhaka, Bangladesh, 12-17 September, 1987/
Statement of responsibility, etc. organised by Department of Botany, Dhaka University, Dhaka ; sponsors, Regional Headquarters, UNESCO, New Delhi, India [and others] ; editors, A.S. Islam, M.M. Haque.
260 ## - PUBLICATION, DISTRIBUTION, ETC. (IMPRINT)
Place of publication, distribution, etc. Dhaka, Bangladesh :
Name of publisher, distributor, etc. Bangladesh Botanical Society,
Date of publication, distribution, etc. 1988
300 ## - PHYSICAL DESCRIPTION
Pagination vii, 119 p. :
Illustrations ill. ;
Size 25 cm.
650 ## - SUBJECT ADDED ENTRY--TOPICAL TERM
Topical term or geographic name as entry element Plant tissue culture
9 (RLIN) 159079
942 ## - ADDED ENTRY ELEMENTS (KOHA)
Source of classification or shelving scheme Dewey Decimal Classification
Koha item type Books
Holdings
Lost status Source of classification or shelving scheme Damaged status Not for loan Permanent Location Current Location Shelving location Date acquired Source of acquisition Total Checkouts Full call number Date last seen Copy number Koha item type
  Dewey Decimal Classification   Not For Loan Institute of Biological Sciences (IBSc) Library Institute of Biological Sciences (IBSc) Library Institute Library 15/11/2016 Purchase   571.5382 ISP 1987 15/11/2016 C-1 Books